LEADER 01328nam 2200433 450 001 9910480613303321 010 $a1-78769-137-3 010 $a1-78769-135-7 035 $a(CKB)4100000009037651 035 $a(MiAaPQ)EBC5850015 035 $a(EXLCZ)994100000009037651 100 $a20190923d2019 uy 0 101 0 $aeng 135 $aurcnu|||||||| 181 $ctxt$2rdacontent 182 $cc$2rdamedia 183 $acr$2rdacarrier 200 14$aThe smart city in a digital world /$fVincent Mosco 205 $aFirst edition. 210 1$aBingley :$cEmerald Publishing Limited,$d[2019] 210 4$dİ2019 215 $a1 online resource (282 pages) 225 1 $aSocietyNow 311 $a1-78769-138-1 410 0$aSocietyNow. 606 $aSmart cities$xSocial aspects 606 $aCities and towns$xEffect of technological innovations on$xCitizen participation 608 $aElectronic books. 615 0$aSmart cities$xSocial aspects. 615 0$aCities and towns$xEffect of technological innovations on$xCitizen participation. 676 $a307.760285 700 $aMosco$b Vincent$0748958 801 0$bMiAaPQ 801 1$bMiAaPQ 801 2$bMiAaPQ 906 $aBOOK 912 $a9910480613303321 996 $aThe smart city in a digital world$92150725 997 $aUNINA LEADER 01231nam0 22003011i 450 001 UON00261564 005 20231205103714.574 010 $a01-992581-0-4 100 $a20050222d2000 |0itac50 ba 101 $aeng 102 $aGB 105 $a|||| ||||| 200 1 $aAlternatives to Athens$evarieties of political organization and community in Ancient Greece$fedited by Roger Brock and Stephen Hodkinson 210 $aOxford :Oxford university press$d2000 215 $aXVI, 393 p.$cill.$d24 cm 606 $aGRECIA ANTICA$xORGANIZZAZIONE POLITICA$3UONC027799$2FI 606 $aGrecia antica$xPolitica$3UONC025609$2FI 620 $aGB$dOxford$3UONL000029 676 $a320.938$cPOLITICA E GOVERNO DELLA GRECIA ANTICA$v21 702 1$aBROCK$bRoger$3UONV087338 702 1$aHODKINSON$bStephen$3UONV077072 712 $aOxford University Press$3UONV245947$4650 801 $aIT$bSOL$c20250926$gRICA 899 $aSIBA - SISTEMA BIBLIOTECARIO DI ATENEO$2UONSI 912 $aUON00261564 950 $aSIBA - SISTEMA BIBLIOTECARIO DI ATENEO$dSI B MC 433 $eSI MC 29181 5 996 $aAlternatives to Athens$9542281 997 $aUNIOR